00727nam a2200181Ia 4500001000900000003000500009008004100014010001100055040000900066100003000075245018400105260003500289300001000324502008900334650003900423650003300462710005000495Para_756CHAP220125s1992 xx 000 0 und d a199481 cCHAP aMaldonado Aguilar, Adolfo aControl de la maleza en girasol (Helianthus annus L.) sembrado bajo dosis sistemas de labranza en condiciones de temporal Chapingo, México 1991 /c por Adolfo Maldonado Aguilar aChapingo, Méx. :b El autor a53 h. aTesis (Ing. Agr. Esp. en Parasitología Agrícola) -- UACh. Depto. Parasitología aGirasol x malas hierbasxcontrol  7aLabranzaxEfecto en suelos2 aUACh. Departamento Parasitología Agrícola